00851cam a22002171 4500001001300000003000400013005001700017008004100034010001700075035001900092040002800111042001200139050001700151100003600168245017400204260005700378300007900435440005700514650004500571999001700616gs 07000460 DLC20260227111305.0780323s1895 nyuabf s001 0 eng  ags 07000460  a(OCoLC)3742044 aDLCcNOsUdNBrockUdDLC apremarc00aQE146.E8bK31 aKemp, James Furman,d1859-1926.14aThe geology of Moriah and Westport townships, Essex County, N.Y.,bwith a geological map,cprepared under the direction of Frederick J. H. Merrill; by James Furman Kemp. aAlbany,bUniversity of the State of New York,c1895. a1 p. l., [325]-355 p.billus., plates, 2 fold. maps (incl. front.)c24 cm. 0aBulletin of the New York State Museum,vv. 3, no. 14 0aGeologyzNew York (State)zEssex County. c24583d24583